<?xml version="1.0" encoding="UTF-8"?>
<marc:record xmlns:marc="http://www.loc.gov/MARC21/slim">
   <marc:leader>00000nam a2200000 a 4500</marc:leader>
   <marc:datafield ind1="1" ind2=" " tag="100">
      <marc:subfield code="a">Lindgren-Enskog, Barbro</marc:subfield>
      <marc:subfield code="4">aut</marc:subfield>
      <marc:subfield code="e">Verfasser/-in</marc:subfield>
   </marc:datafield>
   <marc:datafield ind1=" " ind2=" " tag="653">
      <marc:subfield code="a">P2020</marc:subfield>
   </marc:datafield>
   <marc:datafield ind1="0" ind2="0" tag="245">
      <marc:subfield code="a">Das wilde Hänschen fährt zur See</marc:subfield>
   </marc:datafield>
   <marc:datafield ind1=" " ind2="1" tag="264">
      <marc:subfield code="b">Friedrich Oetinger</marc:subfield>
      <marc:subfield code="c">1983</marc:subfield>
   </marc:datafield>
   <marc:datafield ind1="1" ind2=" " tag="520">
      <marc:subfield code="a">Hänschen kann hüpfen wie ein Känguruh, flattern wie ein Adler und Honig schlecken wie ein Bär. Aber am besten kann Hänschen zur See fahren und wilde Abenteuer erleben. Er braucht dazu nur ein Schrankfach als Schiff, einen Besen als Mast, Mutters Schütze als Segel - und schon kann die Reise losgehen. Giraffe, Kaninchen und Mäuschen, Hänschens Lieblingstiere, Kommen natürlich mit an Bord und ein paar Kekse als Proviant... </marc:subfield>
   </marc:datafield>
   <marc:datafield ind1="3" ind2=" " tag="024">
      <marc:subfield code="a">3789160717</marc:subfield>
   </marc:datafield>
</marc:record>
